Business Project in the Phase of Establishment bakalárska práca

Saved in:
Bibliographic Details
Main Author: Ivanova, Anastasiia
Corporate Author: Fakulta podnikového manažmentu EU. Katedra podnikovohospodárska
Other Authors: Stovíček, Filip, 1998-
Format: Book
Language:English
Published: Bratislava 2023
Tags: Add Tag
No Tags, Be the first to tag this record!

MARC

LEADER 00000nbm a2200000 4500
001 0293595
005 20240416095153.1
041 0 |a eng 
044 |a SK 
245 1 0 |a Business Project in the Phase of Establishment  |b bakalárska práca  |c Anastasiia Ivanova ; školiteľ: Filip Stovíček 
264 1 |a Bratislava  |c 2023 
300 |a 62 s. 
100 1 |a Ivanova, Anastasiia 
700 1 |a Stovíček, Filip, 1998- 
710 2 |a Fakulta podnikového manažmentu EU. Katedra podnikovohospodárska